000 00331 a2200133 4500
020 _a9780545645386
020 _a0545645387
041 _aspa
100 _aCocca-Leffler, Maryann
245 _aLlego el invierno / Maryann Cocca-Leffler
260 _aEstados Unidos scholastic, 2014.
300 _a24 p. : ilus
_c21 cm
942 _cBK
999 _c8155
_d8155